|
|
|
|
| LEADER |
00000nam a2200000 a 4500 |
| 001 |
vtls001060693 |
| 003 |
SK-MaSNL |
| 005 |
20260301193258.0 |
| 008 |
250821s1988 xo f 100 0 slo |
| 015 |
|
|
|a SNBA1990/04
|
| 035 |
|
|
|a SNK000003521
|
| 035 |
|
|
|a urn:nbn:sk:snk-amkt3h
|
| 035 |
|
|
|a urn:nbn:sk:snk-am0056qt
|
| 035 |
|
|
|a 56A94441-1652-48AF-B9C4-9CCB53AFBB7F
|
| 040 |
|
|
|a SNK
|b slo
|c SNK
|e AACR2
|
| 041 |
0 |
|
|a slo
|
| 044 |
|
|
|a xo
|c SK
|
| 080 |
|
|
|a 613.24:616.379-008.64(082)
|2 1981
|
| 080 |
|
|
|a 616.379-008.64(082)
|2 1981
|
| 245 |
0 |
0 |
|a Zborník materiálov z celoštátnej dietologickej konferencie v Tatranskej Štrbe, 1987
|b téma: Súčasné trendy dietetiky diabetu a obezity
|
| 250 |
|
|
|a 1. vyd.
|
| 260 |
|
|
|a Bratislava
|b Slovenská spoločnosť pre racionálnu výživu
|c 1988
|
| 300 |
|
|
|a 368 s.
|b sch., tab.
|c 21 cm
|
| 504 |
|
|
|a Bibliogr.
|
| 650 |
0 |
7 |
|a diabetes mellitus
|2 SNKPH
|9 72741
|
| 650 |
0 |
7 |
|a obezita
|2 SNKPH
|9 2527
|
| 650 |
0 |
7 |
|a dietetika
|2 SNKPH
|9 1986
|
| 650 |
0 |
7 |
|a životospráva
|2 SNKPH
|9 23728
|
| 655 |
|
7 |
|a zborníky konferencií
|2 SNKPH
|9 70153
|
| 958 |
|
|
|a EUIPO
|
| 958 |
|
|
|a OND
|
| 958 |
|
|
|a NB
|
| 999 |
|
|
|c 876608
|d 878538
|
| 952 |
|
|
|t P60, <04>, [BOOK], {604}
|a SNK
|b SNK
|y VYP
|7 0
|p 17A0126721
|o snkSC 76546 D1
|0 0
|1 0
|4 0
|d 1998-02-27
|f 1
|l 0
|r 2004-12-31 00:00:00
|w 2026-02-24
|
| 952 |
|
|
|t P60, <03>, [BOOK], {603}
|a SNK
|b SNK
|y PREZ
|7 0
|p 17A0297181
|o snkSC 76546
|0 0
|1 0
|4 0
|d 2001-04-09
|l 0
|r 2004-12-31 00:00:00
|w 2026-02-24
|